000 00622nam a2200205 a 4500
001 000045078
005 20201002045847.0
008 150202s1988 sp ac 000 0 spa d
020 _a8486675480
040 _aDO-SdBNP
_bspa
_cBNPHU
082 _axxxx
_bxxxx
100 1 _aCacho, Jesús
_973091
245 1 0 _aAsalto al poder /
_cJesús Cacho.
250 _a7a. ed.
260 _aMadrid :
_bEdiciones Temas de Hoy,
_c1988.
300 _a559 p :
_bil., retrs. ;
_c22 cm.
490 1 _aHombres de hoy
_v3
500 _aIncluye datos biográficos del autor en la solapa de la cubierta
830 0 _aHombres de hoy ;
_n3
_973092
999 _c44567
_d44567